| 000 | 00632nam a2200217 a 4500 | ||
|---|---|---|---|
| 003 | BD-DhJNU | ||
| 005 | 20250624064736.0 | ||
| 008 | 200421b ||||| |||| 00| 0 eng d | ||
| 020 | _a9788120312357 | ||
| 040 |
_aBD-DhJNU _bENG _cBD-DhJNU _dBD-DhJNU |
||
| 082 |
_a519.5 LES _223 |
||
| 100 | _aLevin, Richard I. | ||
| 245 |
_aStatistics for management / _cRichard I. Levin and David S. Rubin |
||
| 250 | _a7th ed. | ||
| 260 |
_aNew Delhi : _bPrentice-Hall of India Pvt. Ltd., _c2007. |
||
| 300 |
_axvi, 1022 p. : _bill. ; _c23 cm. |
||
| 504 | _aIncludes index. | ||
| 650 | _aStatistics. | ||
| 700 | _aRubin,David S. | ||
| 942 | _cBK | ||
| 999 |
_c1823 _d1823 |
||